| 000 | 00814nam a22002057a 4500 | ||
|---|---|---|---|
| 999 |
_c22600 _d22600 |
||
| 003 | AR-CdUCM | ||
| 008 | 190427b ||||| |||| 00| 0 spa d | ||
| 020 | _a9786124394812 | ||
| 040 |
_aMUNICIPALIDAD PROVINCIAL DEL CUSCO _cBIBLIOTECA MUNICIPAL DEL CUSCO |
||
| 082 |
_aPI/869.56/I999T _bI999T |
||
| 100 |
_aIzurieta Fernández, Ana María _948609 |
||
| 245 |
_aEl títere que quería vivir / _cAna María Izurieta ; ilustraciones, Eduardo Luna Rodríguez |
||
| 260 |
_aLima : _bEdit. Khalamos, _c2019. |
||
| 300 |
_a64 páginas : _bIlustraciones en color ; _c21 cm. |
||
| 500 | _a"Un cuento de Ana María Izurieta"--Cubierta. Texto con encuadernación engrapada. | ||
| 650 |
_aCuentos infantiles peruanos _93914 |
||
| 700 |
_aLuna Rodríguez, Eduardo _eilustrador _948610 |
||
| 942 |
_2ddc _cLIBROS |
||
| 945 | _arac | ||